000 00297nam a2200109Ia 4500
008 200302s9999 xx 000 0 und d
100 _aI .P. Gautam and Others
245 _aInnovations in Design Ahmedabad bus rapidtransit system
260 _bMaphin Publishing
260 _c2014
300 _a197 P.,
999 _c4025
_d4025